Σχολείο, οικογένεια και κοινότητα : συνεργασία, ενδυνάμωση και ανάπτυξη

Αποθηκεύτηκε σε:
Λεπτομέρειες βιβλιογραφικής εγγραφής
Κύριος συγγραφέας: Μυλωνάκου-Κεκέ, Ηρώ
Μορφή: Βιβλίο
Γλώσσα:Greek
Δημοσίευση: Αθήνα : Εκδόσεις Αρμός, c2019.
Θέματα:
Ετικέτες: Προσθήκη ετικέτας
Δεν υπάρχουν, Καταχωρήστε ετικέτα πρώτοι!

MARC

LEADER 00000cam a2200000 a 4500
001 1/122571
008 210127t2019####gr | ||| |||| ||gre||
020 |a 9789606152214 
040 |a GR-MyUa  |b gre  |c GR-MyUa  |e AACR2 
041 0 |a gre 
082 7 |a 371.1022   |2 (23) 
100 1 |a Μυλωνάκου-Κεκέ, Ηρώ. 
245 1 0 |a Σχολείο, οικογένεια και κοινότητα :   |b συνεργασία, ενδυνάμωση και ανάπτυξη /   |c Ηρώ Μυλωνάκου-Κεκέ.  
260 |a Αθήνα :   |b Εκδόσεις Αρμός,   |c c2019.  
300 |a 778 σ. :   |b εικ., πίν. ;   |c 21 εκ.  
500 |a Περιέχει υποσημειώσεις.  
504 |a Βιβλιογραφία: σ. 735-778.  
650 0 |a Communication in education. 
650 0 |a Communication  |x Study and teaching. 
650 0 |a Community and school  |x Case studies. 
650 0 |a Communication  |x Psychological aspects. 
650 0 |a Communication models. 
650 0 |a School environment. 
852 |a INST  |b RHODES  |c EUDOXUS  |e 20210127  |h 371.1022 ΜΥΛ  |p 005400041840  |q 005400041840  |t EDX  |y 0 
920 |a Εύδοξος  |b Παραγγελία  |y Ρόδος-ΠΤΔΕ  |z 2021-01 
970 |a Μαρία  |b Κωτάκου  |z 27-01-2021